00000000nam##2200000za#4500
0019.661979
003CaOODSP
00520200401064140
007ta
008150407|2001||||xxc|||||     f|0| 0 eng|d
020 |a0-662-65811-6
040 |aCaOODSP|beng
041 |aeng
041 |afre
043 |an-cn---
0861 |aSW21-55/2000
1101 |aCanada. |bStatus of Women Canada.
24510|aWomen and homework : |bthe Canadian legislative framework / |cby Stephanie Berstein, Katherine Lippel and Lucie Lamarche.
260 |aOttawa - Ontario : |bStatus of Women Canada |c2001.
300 |aEnglish text, vii, 192p. : |breferences, tables ; |c28 cm.
500 |a"Does Canadian labour legislation adequately protect homeworkers? In answer to this question, this report examines the legal situation of homeworkers - industrial homeworkers, clerical homeworkers and home teleworkers. The definition of "homework" used for this purpose is any form of remunerated work carried out in a private residence, with the exception of caregivers, self-employed workers and workers in the agricultural sector."--Executive Summary. N.B.: Incorrect catalogue number (SW21-55/2000E) and ISBN (0-662-29143-3) printed in this publication.
504 |aBibliography.
5203 |aDoes Canadian labour legislation adequately protect homeworkers? In answer to this question, this report examines the legal situation of homeworkers - industrial homeworkers, clerical homeworkers and home teleworkers. The definition of homework used for this purpose is any form of remunerated work carried out in a private residence, with the exception of caregivers, self-employed workers and workers in the agricultural sector.--Executive Summary
546 |aBilingual
563 |aSoftcover
590 |a01-17|b2001-04-27
69007|aStatus of women|2gcpds
69007|aLabour law|2gcpds
69007|aWomen workers|2gcpds
69007|aEmployment|2gcpds
69007|aWorkplace|2gcpds
7201 |aBernstein, Stephanie
7201 |aLamarche, Lucie
7760#|tLes femmes et le travail à domicile : |w(CaOODSP)9.632935
7760#|tWomen and homework : |w(CaOODSP)9.688509
792 |tLes femmes et le travail à domicile : |efre|w(CaOODSP)9.661980